| 000 | 00884nam a2200265Ia 4500 | ||
|---|---|---|---|
| 001 | 21970 | ||
| 005 | 20260320113330.0 | ||
| 008 | 260320s9999||||xx |||||||||||||| ||und|| | ||
| 020 | _a9789972516061 | ||
| 041 | _aESP | ||
| 082 |
_a305.8098503 _bS73 |
||
| 100 |
_aSpalding, Karen, _eAUT |
||
| 245 | 0 |
_aDe indio a campesino : _bcambios en la estructura social del Perú colonial |
|
| 246 |
_a _5 _b |
||
| 250 | _aSegunda edición corregida | ||
| 260 |
_aLima : _bIEP Instituto de Estudios Peruanos, _c2016 |
||
| 300 |
_a222 páginas : _bmapas ; _c23 cm. _e |
||
| 440 |
_a(Historia andina _n; número 2) _v |
||
| 650 | _aCIS | ||
| 653 | _aIndígenas del Perú; Sociedad andina; Estructura social | ||
| 654 | _aCHU | ||
| 700 |
_a _c |
||
| 856 |
_uhttps://0u20jme4p-y-https-www-jstor-org.itmsp.museknowledge.com/ _zVéase además: Base de datos JSTOR |
||
| 942 |
_cLIB _dJUS _fMAT _2ddc _n |
||
| 999 |
_c21970 _d21970 |
||